01373cam a22002772 450000100060000000300080000600500170001400800410003103500510007204000320012304100080015508200210016310000540018424500710023826000550030930000380036449000580040250002920046050400520075250501600080465000380096465000100100265000220101283000070103483000540104133486BD-RjUL20211209052021.0140508r19661946e ab b 000 0 eng d aOCLC ocm25761571 from D970516Ma(BD-RjUL)33577 aNYPcNYPdDGUdBD-RjULbeng aeng a297.9bGRI 19661 aGreenberg, Joseph H.q(Joseph Harold),d1915-200114aThe influence of Islam on a Sudanese religion /cJoseph Greenberg. aNew York :bJ.J. Augustin,cc1946 [Printing 1966]. aix, 73 p. :bill., maps ;c25 cm.1 aMonographs of the American Ethnological Society ;v10 a"This work was carried on [by the author] as a field fellow of the Social Science Research Council, under the auspices of Northwestern University and the results were submitted in partial fulfillment of the requirements of the doctor of philosophy requirements at this university"--Pref. aIncludes bibliographical references (p. 71-73).0 aThe historical contacts of Kano with Mohammedan culture -- The pagan Hausa -- Maguzawa religion -- The Malams and the'ískōkí cult among Moslem Hausa. 0aHausa (African people)xReligion. 0aIslam 0aIslamxInfluence. 0v10 0aMonographs of the American Ethnological Society ;